| 000 | 01306cam a22003737a 4500 | ||
|---|---|---|---|
| 003 | CHAP | ||
| 005 | 20220817043940.0 | ||
| 008 | 040616d2004 mx r 00110 spa d | ||
| 010 | _a88517 | ||
| 011 | _a89489 | ||
| 035 | _a100040 | ||
| 040 | _cCHAP | ||
| 090 | _aTesis | ||
| 100 | 0 | 0 |
_aCach Gómez, Irack Ildefonso. _916984 |
| 245 | 1 | 0 |
_aEfecto de consumo de fibra en la productividad de los cerdos : _buna revisión _c/por Irack Ildefonso Cach Gómez |
| 260 |
_aChapingo, Méx. : _bEl autor, _c2004. |
||
| 300 | _a104 h. | ||
| 502 | _aTesis (Ing. Agr. Esp en Zootecnia) -- UACH. Departamento de Zootecnia | ||
| 590 |
_aALEPH _b10 _c20130110 _lUCH01 _h1459 |
||
| 590 |
_aBATCH-UPD _b10 _c20130110 _lUCH01 _h0638 |
||
| 590 |
_aBATCH-UPD _b10 _c20130110 _lUCH01 _h2312 |
||
| 590 |
_aBATCH-UPD _b10 _c20130410 _lUCH01 _h0322 |
||
| 590 |
_aBATCH-UPD _b10 _c20130914 _lUCH01 _h0805 |
||
| 590 |
_aCONVERSION _b10 _c20130109 _lUCH01 _h1349 |
||
| 650 | 1 | 4 | _aÁcidos grasos. |
| 650 | 1 | 4 |
_aDigestión. _932567 |
| 650 | 1 | 4 |
_aGanado porcino _xAlimentación. _945329 |
| 650 | 1 | 4 |
_aGanado porcino _xCría de. _945350 |
| 901 | _aBK | ||
| 905 | _aMayto Vilalobos S. | ||
| 942 | _cFOLL | ||
| 949 |
_aTesis _bBC _cTES _d100040123 _eTS1 _h42123 _i100040 _sb |
||
| 949 |
_aTesis _bBC _cTES _d33724000926648 _eTS2 _fc.2 _h42124 _i100040 _sb |
||
| 999 |
_c88517 _d88517 |
||